[Event "13th Khazar International Open Chess Tournament - "]
[Site "Rasht, Iran"]
[Date "2015.02.14"]
[Round "5"]
[Board "10"]
[White "Chighladze, Iveri"]
[Black "Ezzati, Fereidoon"]
[Result "1-0"]
[WhiteElo "2338"]
[BlackElo "2180"]
[PlyCount "0"]
[EventDate "2015.02.11"]
[EventRounds "9"]
[EventCountry "IRI"]

1. d4 {[%clk 1:30:58]} Nf6 {[%clk 1:30:20]} 2. c4 {[%clk 1:31:12]} g6
{[%clk 1:30:33]} 3. Nc3 {[%clk 1:31:34]} Bg7 {[%clk 1:31:00]} 4. e4
{[%clk 1:31:57]} d6 {[%clk 1:31:25]} 5. Nf3 {[%clk 1:31:38]} O-O {[%clk 1:30:28]}
6. Be2 {[%clk 1:32:03]} e5 {[%clk 1:30:51]} 7. O-O {[%clk 1:32:27]} Nc6
{[%clk 1:31:19]} 8. d5 {[%clk 1:32:50]} Ne7 {[%clk 1:31:47]} 9. Ne1
{[%clk 1:33:11]} Ne8 {[%clk 1:32:14]} 10. Nd3 {[%clk 1:33:20]} f5
{[%clk 1:32:42]} 11. Bd2 {[%clk 1:33:32]} Nf6 {[%clk 1:33:04]} 12. f3
{[%clk 1:33:56]} f4 {[%clk 1:31:34]} 13. c5 {[%clk 1:33:03]} g5 {[%clk 1:31:13]}
14. cxd6 {[%clk 1:30:43]} cxd6 {[%clk 1:31:41]} 15. a4 {[%clk 1:30:52]} h5
{[%clk 1:31:48]} 16. Nf2 {[%clk 1:31:15]} Ng6 {[%clk 1:32:12]} 17. h3
{[%clk 1:28:18]} Rf7 {[%clk 1:32:27]} 18. Nb5 {[%clk 1:26:35]} Bf8
{[%clk 1:30:02]} 19. a5 {[%clk 1:26:20]} Rg7 {[%clk 1:28:56]} 20. Rc1
{[%clk 1:21:00]} Nh4 {[%clk 1:24:46]} 21. Be1 {[%clk 1:13:04]} Ne8
{[%clk 1:07:15]} 22. Rc3 {[%clk 1:09:17]} Bd7 {[%clk 1:06:50]} 23. b4
{[%clk 1:03:08]} Ng6 {[%clk 1:03:51]} 24. Qc2 {[%clk 1:01:12]} Kh8
{[%clk 0:57:37]} 25. Qc1 {[%clk 0:58:34]} a6 {[%clk 0:48:52]} 26. Nc7
{[%clk 0:50:52]} Nxc7 {[%clk 0:48:11]} 27. Rxc7 {[%clk 0:51:19]} Rb8
{[%clk 0:48:39]} 28. Bd2 {[%clk 0:44:21]} Ne7 {[%clk 0:48:52]} 29. Qc3
{[%clk 0:40:15]} Ng8 {[%clk 0:48:53]} 30. Rc1 {[%clk 0:39:49]} Nf6
{[%clk 0:48:56]} 31. Be1 {[%clk 0:36:09]} Be7 {[%clk 0:48:33]} 32. Qb3
{[%clk 0:32:17]} Qe8 {[%clk 0:48:45]} 33. b5 {[%clk 0:26:42]} axb5
{[%clk 0:44:37]} 34. Bb4 {[%clk 0:26:23]} Qf8 {[%clk 0:30:59]} 35. Qa3
{[%clk 0:22:39]} g4 {[%clk 0:26:54]} 36. fxg4 {[%clk 0:22:07]} hxg4
{[%clk 0:27:14]} 37. hxg4 {[%clk 0:18:34]} Kg8 {[%clk 0:20:35]} 38. R1c2
{[%clk 0:12:30]} Kh8 {[%clk 0:12:28]} 39. g5 {[%clk 0:10:18]} Rxg5
{[%clk 0:12:28]} 40. Rxd7 {[%clk 0:10:39]} Rg3 {[%clk 0:12:21]} 41. Rc3
{[%clk 0:06:56]} Nxd7 {[%clk 0:12:46]} 42. Rxg3 {[%clk 0:07:13]} fxg3
{[%clk 0:13:09]} 43. Qxg3 {[%clk 0:05:27]} Nf6 {[%clk 0:10:20]} 44. Qh3+
{[%clk 0:04:07]} Kg7 {[%clk 0:08:07]} 45. Bd2 {[%clk 0:03:31]} Qf7
{[%clk 0:06:09]} 46. Bh6+ {[%clk 0:02:10]} Kg8 {[%clk 0:06:39]} 47. Bxb5
{[%clk 0:02:12]} Ra8 {[%clk 0:05:57]} 48. Bd2 {[%clk 0:02:37]} Bd8
{[%clk 0:06:02]} 49. Ng4 {[%clk 0:02:37]} Nxg4 {[%clk 0:04:55]} 50. Qxg4+
{[%clk 0:03:05]} Qg7 {[%clk 0:00:57]} 51. Qe6+ {[%clk 0:03:09]} Kh8
{[%clk 0:00:54]} 52. Qxd6 Be7 53. Qc7 {[%clk 0:00:54]} Rg8 {[%clk 0:01:11]} 54.
Bf1 {[%clk 0:01:17]} Qf6 {[%clk 0:01:24]} 55. Be3 {[%clk 0:00:52]} Bd6
{[%clk 0:01:19]} 56. Qxb7 {[%clk 0:00:46]} Rb8 {[%clk 0:01:24]} 57. Qd7
{[%clk 0:00:59]} Rb1 {[%clk 0:01:27]} 58. Qf5 {[%clk 0:01:08]} Qe7
{[%clk 0:01:15]} 59. Qh5+ {[%clk 0:01:17]} Kg8 {[%clk 0:01:35]} 60. Qg6+
{[%clk 0:01:39]} Kh8 {[%clk 0:01:54]} 61. Bg5 {[%clk 0:00:59]} Bc5+
{[%clk 0:02:19]} 62. Kh2 {[%clk 0:01:26]} Qh7+ {[%clk 0:02:40]} 63. Qxh7+
{[%clk 0:01:50]} Kxh7 {[%clk 0:03:09]} 64. Be2 {[%clk 0:01:56]} Kg6
{[%clk 0:03:28]} 65. Bd8 {[%clk 0:02:15]} Rb2 {[%clk 0:03:36]} 66. Bg4
{[%clk 0:02:24]} Ra2 {[%clk 0:03:16]} 67. Bc8 {[%clk 0:02:23]} Re2
{[%clk 0:02:37]} 68. Bf5+ {[%clk 0:01:04]} Kh5 {[%clk 0:02:49]} 69. Bc7
{[%clk 0:01:13]} Ra2 {[%clk 0:00:58]} 70. d6 {[%clk 0:01:24]} Be3
{[%clk 0:01:16]} 71. Kh3 {[%clk 0:01:35]} Bf4 {[%clk 0:01:36]} 72. Bg4+
{[%clk 0:01:37]} Kg5 {[%clk 0:02:00]} 73. d7 {[%clk 0:01:24]} 1-0

[Event "13th Khazar International Open Chess Tournament - "]
[Site "Rasht, Iran"]
[Date "2015.02.14"]
[Round "6"]
[Board "1"]
[White "Mahjoob, Morteza"]
[Black "Tarlev, Konstantin"]
[Result "1/2-1/2"]
[WhiteElo "2392"]
[BlackElo "2557"]
[PlyCount "0"]
[EventDate "2015.02.11"]
[EventRounds "9"]
[EventCountry "IRI"]

1. e4 {[%clk 1:13:35]} c5 {[%clk 1:30:45]} 2. Nf3 {[%clk 1:12:49]} d6
{[%clk 1:31:09]} 3. Bb5+ {[%clk 1:13:14]} Nd7 {[%clk 1:29:19]} 4. O-O
{[%clk 1:10:04]} Ngf6 {[%clk 1:29:45]} 5. Re1 {[%clk 1:10:05]} a6
{[%clk 1:30:05]} 6. Bd3 {[%clk 1:08:54]} b5 {[%clk 1:17:36]} 7. c4
{[%clk 1:09:15]} b4 {[%clk 1:15:58]} 8. a3 {[%clk 1:03:06]} bxa3 {[%clk 1:14:14]}
9. Rxa3 {[%clk 1:02:56]} e5 {[%clk 1:12:57]} 10. Bc2 {[%clk 1:01:49]} g6
{[%clk 1:09:07]} 11. Ba4 {[%clk 0:57:47]} Bg7 {[%clk 1:03:47]} 12. Bc6
{[%clk 0:48:57]} Rb8 {[%clk 1:00:46]} 13. Nc3 {[%clk 0:49:24]} O-O
{[%clk 1:00:28]} 14. Nd5 {[%clk 0:45:45]} Nxd5 {[%clk 0:59:20]} 15. Bxd5
{[%clk 0:44:19]} Nb6 {[%clk 0:51:19]} 16. d3 {[%clk 0:44:10]} h6 {[%clk 0:51:28]}
17. Bd2 {[%clk 0:39:16]} Nxd5 {[%clk 0:49:43]} 18. cxd5 {[%clk 0:39:42]} f5
{[%clk 0:48:32]} 19. Ba5 {[%clk 0:37:48]} Qe7 {[%clk 0:46:33]} 20. Qc2
{[%clk 0:31:47]} f4 {[%clk 0:36:17]} 21. b4 {[%clk 0:29:00]} cxb4
{[%clk 0:35:57]} 22. Rb3 {[%clk 0:29:22]} Bg4 {[%clk 0:34:35]} 23. Rxb4
{[%clk 0:26:34]} Rxb4 {[%clk 0:30:18]} 24. Bxb4 {[%clk 0:26:58]} Rb8
{[%clk 0:28:55]} 25. Ba3 {[%clk 0:24:41]} Bxf3 {[%clk 0:28:26]} 26. gxf3
{[%clk 0:25:04]} Bf8 {[%clk 0:28:44]} 27. Qc4 {[%clk 0:15:42]} a5
{[%clk 0:13:36]} 28. Rc1 {[%clk 0:12:30]} h5 {[%clk 0:11:42]} 29. Qa4
{[%clk 0:10:26]} Qd8 {[%clk 0:10:33]} 30. Rc6 {[%clk 0:06:55]} Rb1+
{[%clk 0:10:09]} 31. Bc1 {[%clk 0:07:01]} g5 {[%clk 0:06:17]} 32. Qc2
{[%clk 0:07:10]} Rb8 {[%clk 0:04:21]} 33. h3 {[%clk 0:04:37]} Qd7
{[%clk 0:03:00]} 34. Kg2 {[%clk 0:03:07]} Rb7 {[%clk 0:02:53]} 35. Ba3
{[%clk 0:02:20]} g4 {[%clk 0:02:46]} 36. hxg4 {[%clk 0:02:34]} hxg4
{[%clk 0:03:13]} 37. Qe2 {[%clk 0:00:46]} g3 {[%clk 0:02:17]} 38. fxg3
{[%clk 0:00:58]} fxg3 {[%clk 0:02:33]} 39. Rc1 {[%clk 0:00:36]} Qa4
{[%clk 0:02:09]} 40. f4 {[%clk 0:00:40]} Qxa3 {[%clk 0:01:07]} 41. Qg4+
{[%clk 0:01:03]} Rg7 {[%clk 0:00:40]} 42. Qe6+ {[%clk 0:01:28]} Rf7
{[%clk 0:01:05]} 43. Qg4+ {[%clk 0:01:29]} Rg7 {[%clk 0:00:53]} 44. Qe6+
{[%clk 0:01:53]} Rf7 {[%clk 0:01:21]} 45. Qg6+ {[%clk 0:01:40]} 1/2-1/2

[Event "13th Khazar International Open Chess Tournament - "]
[Site "Rasht, Iran"]
[Date "2015.02.14"]
[Round "6"]
[Board "2"]
[White "Mosadeghpour, Masoud"]
[Black "Ghaem Maghami, Ehsan"]
[Result "1-0"]
[WhiteElo "2325"]
[BlackElo "2554"]
[PlyCount "0"]
[EventDate "2015.02.11"]
[EventRounds "9"]
[EventCountry "IRI"]

1. e4 {[%clk 1:30:57]} e5 {[%clk 1:26:03]} 2. Nf3 {[%clk 1:31:17]} Nc6
{[%clk 1:26:27]} 3. d4 {[%clk 1:31:42]} exd4 {[%clk 1:26:45]} 4. Bc4
{[%clk 1:32:05]} Bc5 {[%clk 1:23:33]} 5. c3 {[%clk 1:31:42]} Nf6 {[%clk 1:22:14]}
6. e5 {[%clk 1:32:05]} d5 {[%clk 1:22:35]} 7. Be2 {[%clk 1:32:30]} Ne4
{[%clk 1:20:26]} 8. cxd4 {[%clk 1:32:46]} Bb4+ {[%clk 1:17:06]} 9. Nbd2
{[%clk 1:32:12]} O-O {[%clk 1:15:41]} 10. O-O {[%clk 1:20:56]} Bg4
{[%clk 1:11:04]} 11. Nb3 {[%clk 1:14:49]} f6 {[%clk 0:52:50]} 12. a3
{[%clk 1:13:23]} Be7 {[%clk 0:52:53]} 13. h3 {[%clk 1:01:11]} Bh5
{[%clk 0:46:54]} 14. exf6 {[%clk 1:01:02]} Bxf6 {[%clk 0:45:15]} 15. Bf4
{[%clk 1:00:28]} Qe7 {[%clk 0:36:48]} 16. Bh2 {[%clk 0:56:49]} Rae8
{[%clk 0:32:59]} 17. Re1 {[%clk 0:39:57]} Nxf2 {[%clk 0:26:33]} 18. Kxf2
{[%clk 0:40:12]} Nxd4 {[%clk 0:26:30]} 19. g4 {[%clk 0:33:49]} Nxe2
{[%clk 0:19:06]} 20. gxh5 {[%clk 0:33:25]} Bh4+ {[%clk 0:18:20]} 21. Kg2
{[%clk 0:33:49]} Rxf3 {[%clk 0:16:12]} 22. Qxd5+ {[%clk 0:33:04]} Rf7
{[%clk 0:15:52]} 23. Rf1 {[%clk 0:32:49]} Ng3 {[%clk 0:12:38]} 24. Rxf7
{[%clk 0:31:52]} Qxf7 {[%clk 0:12:38]} 25. Qxf7+ {[%clk 0:32:19]} Kxf7
{[%clk 0:13:01]} 26. Bxg3 {[%clk 0:32:42]} Re2+ {[%clk 0:12:13]} 27. Kf1
{[%clk 0:29:19]} Rxb2 {[%clk 0:11:46]} 28. Bxh4 {[%clk 0:29:41]} Rxb3
{[%clk 0:12:10]} 29. Kg2 {[%clk 0:28:18]} Rb5 {[%clk 0:10:09]} 30. Rf1+
{[%clk 0:26:34]} Ke8 {[%clk 0:09:56]} 31. Re1+ {[%clk 0:25:39]} Kf8
{[%clk 0:10:08]} 32. Be7+ {[%clk 0:24:56]} Kf7 {[%clk 0:08:32]} 33. Bd8
{[%clk 0:25:18]} Rd5 {[%clk 0:07:16]} 34. Bxc7 {[%clk 0:20:33]} Rxh5
{[%clk 0:07:38]} 35. Re5 {[%clk 0:18:46]} Rh6 {[%clk 0:07:03]} 36. Rf5+
{[%clk 0:18:34]} Kg8 {[%clk 0:06:00]} 37. Ra5 {[%clk 0:18:38]} Rc6
{[%clk 0:06:12]} 38. Be5 {[%clk 0:18:48]} a6 {[%clk 0:06:32]} 39. Rd5
{[%clk 0:19:09]} Kf7 {[%clk 0:06:37]} 40. Bd4 {[%clk 0:18:17]} Rc4
{[%clk 0:03:43]} 41. Bb6 {[%clk 0:12:01]} Rc2+ {[%clk 0:03:29]} 42. Bf2
{[%clk 0:12:18]} Ke6 {[%clk 0:03:06]} 43. Rh5 {[%clk 0:12:07]} h6
{[%clk 0:03:25]} 44. a4 {[%clk 0:08:42]} Rb2 {[%clk 0:00:53]} 45. Rc5 Kd6 46. Rf5
{[%clk 0:07:41]} b5 {[%clk 0:01:07]} 47. axb5 {[%clk 0:06:48]} Rxb5
{[%clk 0:00:57]} 48. Rf7 {[%clk 0:06:32]} Rg5+ {[%clk 0:00:48]} 49. Kf3
{[%clk 0:06:40]} Ke6 50. Ra7 Rf5+ {[%clk 0:00:56]} 51. Ke2 {[%clk 0:06:18]} Re5+
{[%clk 0:01:10]} 52. Kf1 {[%clk 0:07:04]} Rh5 {[%clk 0:01:03]} 53. Rxa6+
{[%clk 0:05:48]} Kf7 54. Ra3 Rf5 {[%clk 0:00:56]} 55. Kg2 {[%clk 0:06:10]} g5
{[%clk 0:00:38]} 56. Rf3 {[%clk 0:01:33]} Kg6 {[%clk 0:01:04]} 57. Rxf5
{[%clk 0:01:55]} Kxf5 {[%clk 0:01:30]} 58. Kf3 {[%clk 0:02:16]} Kg6
{[%clk 0:01:07]} 59. Ke4 {[%clk 0:01:39]} Kf6 {[%clk 0:01:01]} 60. Be1 h5
{[%clk 0:01:04]} 61. Bc3+ {[%clk 0:01:38]} Kg6 62. Be5 h4 {[%clk 0:01:15]} 63.
Kf3 {[%clk 0:01:27]} 1-0

[Event "13th Khazar International Open Chess Tournament - "]
[Site "Rasht, Iran"]
[Date "2015.02.14"]
[Round "6"]
[Board "3"]
[White "Stopa, Jacek"]
[Black "Asgari, Morteza"]
[Result "1-0"]
[WhiteElo "2540"]
[BlackElo "2193"]
[PlyCount "0"]
[EventDate "2015.02.11"]
[EventRounds "9"]
[EventCountry "IRI"]

1. d4 {[%clk 1:30:58]} Nf6 {[%clk 1:30:30]} 2. c4 {[%clk 1:31:25]} g6
{[%clk 1:30:48]} 3. f3 {[%clk 1:31:51]} d5 {[%clk 1:31:07]} 4. cxd5
{[%clk 1:32:17]} Nxd5 {[%clk 1:31:27]} 5. e4 {[%clk 1:32:45]} Nb6
{[%clk 1:31:47]} 6. Nc3 {[%clk 1:33:11]} Bg7 {[%clk 1:32:05]} 7. Be3
{[%clk 1:33:36]} O-O {[%clk 1:32:06]} 8. Qd2 {[%clk 1:34:04]} e5 {[%clk 1:32:06]}
9. d5 {[%clk 1:34:29]} c6 {[%clk 1:32:33]} 10. h4 {[%clk 1:34:21]} cxd5
{[%clk 1:32:43]} 11. exd5 {[%clk 1:34:47]} h5 {[%clk 1:29:11]} 12. O-O-O
{[%clk 1:34:13]} Na6 {[%clk 1:25:58]} 13. g4 {[%clk 1:26:25]} Bd7
{[%clk 1:18:19]} 14. gxh5 {[%clk 1:24:11]} Rc8 {[%clk 1:14:52]} 15. Kb1
{[%clk 1:20:38]} Nb4 {[%clk 1:08:58]} 16. h6 {[%clk 1:08:34]} Bf6
{[%clk 0:53:13]} 17. Bh3 {[%clk 0:46:18]} Nc4 {[%clk 0:44:33]} 18. Qe2
{[%clk 0:45:56]} Bxh3 {[%clk 0:40:07]} 19. Nxh3 {[%clk 0:46:10]} e4
{[%clk 0:31:40]} 20. Bg5 {[%clk 0:40:37]} Qb6 {[%clk 0:30:46]} 21. Bxf6
{[%clk 0:36:50]} Na3+ {[%clk 0:29:41]} 22. bxa3 {[%clk 0:28:40]} Nd3+
{[%clk 0:10:47]} 23. Nb5 {[%clk 0:28:44]} Qxb5+ {[%clk 0:09:15]} 24. Bb2
{[%clk 0:26:46]} Rc4 {[%clk 0:06:53]} 25. Rxd3 {[%clk 0:16:38]} exd3
{[%clk 0:06:42]} 26. Qe5 {[%clk 0:17:07]} f6 {[%clk 0:06:25]} 27. Qe7
{[%clk 0:17:19]} Rf7 {[%clk 0:06:22]} 28. Qd8+ {[%clk 0:17:35]} Rf8
{[%clk 0:05:27]} 29. h7+ 1-0

[Event "13th Khazar International Open Chess Tournament - "]
[Site "Rasht, Iran"]
[Date "2015.02.14"]
[Round "6"]
[Board "4"]
[White "Mousavi, Seyed Khalil"]
[Black "Pourramezanali, Amirreza"]
[Result "1/2-1/2"]
[WhiteElo "2285"]
[BlackElo "2432"]
[PlyCount "0"]
[EventDate "2015.02.11"]
[EventRounds "9"]
[EventCountry "IRI"]

1. Nf3 {[%clk 1:30:53]} d5 {[%clk 1:25:14]} 2. g3 {[%clk 1:30:52]} Bg4
{[%clk 1:25:19]} 3. Bg2 {[%clk 1:31:09]} Nd7 {[%clk 1:25:36]} 4. c4
{[%clk 1:30:11]} e6 {[%clk 1:25:43]} 5. cxd5 {[%clk 1:26:41]} exd5
{[%clk 1:25:46]} 6. d4 {[%clk 1:26:33]} c6 {[%clk 1:26:00]} 7. Nc3
{[%clk 1:24:32]} Ngf6 {[%clk 1:26:19]} 8. O-O {[%clk 1:21:36]} Bd6
{[%clk 1:26:23]} 9. Bf4 {[%clk 1:19:44]} Bxf4 {[%clk 1:26:33]} 10. gxf4
{[%clk 1:20:12]} Bxf3 {[%clk 1:26:56]} 11. Bxf3 {[%clk 1:20:08]} h6
{[%clk 1:18:13]} 12. e3 {[%clk 1:13:08]} Nb6 {[%clk 1:08:15]} 13. Qd3
{[%clk 1:02:19]} Qd7 {[%clk 1:06:36]} 14. b4 {[%clk 0:53:39]} a6 {[%clk 1:01:38]}
15. a4 {[%clk 0:50:38]} O-O {[%clk 1:00:40]} 16. Kh1 {[%clk 0:44:08]} Nc4
{[%clk 0:59:14]} 17. Rg1 {[%clk 0:42:38]} Nd6 {[%clk 0:59:22]} 18. a5
{[%clk 0:37:59]} Kh8 {[%clk 0:58:34]} 19. Na4 {[%clk 0:33:25]} Qh3
{[%clk 0:46:19]} 20. Qe2 {[%clk 0:23:01]} Rg8 {[%clk 0:42:28]} 21. Nc5
{[%clk 0:21:51]} g5 {[%clk 0:36:49]} 22. fxg5 {[%clk 0:21:15]} Rxg5
{[%clk 0:35:48]} 23. Rxg5 {[%clk 0:17:47]} hxg5 {[%clk 0:36:04]} 24. Rg1
{[%clk 0:17:58]} Rg8 {[%clk 0:35:31]} 25. Bg4 {[%clk 0:16:27]} Nxg4
{[%clk 0:29:08]} 26. Qxg4 {[%clk 0:14:30]} Qxg4 {[%clk 0:28:13]} 1/2-1/2

[Event "13th Khazar International Open Chess Tournament - "]
[Site "Rasht, Iran"]
[Date "2015.02.14"]
[Round "6"]
[Board "5"]
[White "Lazarev, Vladimir"]
[Black "Chighladze, Iveri"]
[Result "1/2-1/2"]
[WhiteElo "2361"]
[BlackElo "2338"]
[PlyCount "0"]
[EventDate "2015.02.11"]
[EventRounds "9"]
[EventCountry "IRI"]

1. d4 d5 2. c4 e6 3. Nf3 Nf6 4. g3 Be7 5. Bg2 O-O 6. O-O dxc4 7. Qc2 a6 8. a4 c5
9. dxc5 Qd5 10. Nbd2 Qxc5 11. Nxc4 Nc6 12. Be3 Qh5 13. Nb6 Rb8 14. h3 Nd5 15.
Nxd5 exd5 16. g4 Qg6 17. Qxg6 hxg6 1/2-1/2

[Event "13th Khazar International Open Chess Tournament - "]
[Site "Rasht, Iran"]
[Date "2015.02.14"]
[Round "6"]
[Board "6"]
[White "Asgharzadeh, M.Reza"]
[Black "Sharbaf, Mohsen"]
[Result "0-1"]
[WhiteElo "2142"]
[BlackElo "2350"]
[PlyCount "0"]
[EventDate "2015.02.11"]
[EventRounds "9"]
[EventCountry "IRI"]

1. d4 {[%clk 1:22:28]} e6 {[%clk 1:30:53]} 2. c4 {[%clk 1:22:46]} Nf6
{[%clk 1:31:16]} 3. Nc3 {[%clk 1:23:08]} Bb4 {[%clk 1:31:39]} 4. e3
{[%clk 1:23:31]} b6 {[%clk 1:32:01]} 5. Nge2 {[%clk 1:23:56]} c5 {[%clk 1:32:16]}
6. a3 {[%clk 1:20:26]} Ba5 {[%clk 1:32:08]} 7. Rb1 {[%clk 1:14:22]} Na6
{[%clk 1:30:47]} 8. Bd2 {[%clk 1:10:26]} O-O {[%clk 1:26:22]} 9. d5
{[%clk 1:07:14]} d6 {[%clk 1:20:01]} 10. Ng3 {[%clk 1:06:22]} exd5
{[%clk 1:12:51]} 11. cxd5 {[%clk 1:03:30]} Bxc3 {[%clk 1:10:58]} 12. Bxc3
{[%clk 0:50:57]} Nc7 {[%clk 1:09:39]} 13. Bc4 {[%clk 0:43:39]} b5
{[%clk 1:08:53]} 14. Bb3 {[%clk 0:44:02]} a5 {[%clk 0:56:41]} 15. O-O
{[%clk 0:34:39]} b4 {[%clk 0:56:04]} 16. Bd2 {[%clk 0:28:45]} Nfxd5
{[%clk 0:50:23]} 17. e4 {[%clk 0:28:54]} Nb6 {[%clk 0:45:18]} 18. axb4
{[%clk 0:22:00]} axb4 {[%clk 0:45:13]} 19. Be3 {[%clk 0:21:31]} Be6
{[%clk 0:42:45]} 20. e5 {[%clk 0:17:02]} Ncd5 {[%clk 0:42:11]} 21. Bxd5
{[%clk 0:15:24]} Nxd5 {[%clk 0:40:01]} 22. exd6 {[%clk 0:14:58]} Qxd6
{[%clk 0:40:03]} 23. Rc1 {[%clk 0:11:43]} Rac8 {[%clk 0:39:58]} 24. Qd2
{[%clk 0:10:00]} f5 {[%clk 0:35:16]} 25. Nh5 {[%clk 0:08:59]} f4 {[%clk 0:30:00]}
26. Bxc5 {[%clk 0:04:43]} Rxc5 {[%clk 0:30:09]} 27. Qd4 {[%clk 0:05:07]} Rc7
{[%clk 0:30:32]} 28. Rxc7 {[%clk 0:04:38]} Qxc7 {[%clk 0:30:56]} 29. Re1
{[%clk 0:04:53]} Rf5 {[%clk 0:30:34]} 30. g4 {[%clk 0:03:48]} fxg3
{[%clk 0:30:42]} 31. Nxg3 {[%clk 0:03:39]} Rf6 {[%clk 0:31:01]} 32. Rxe6
{[%clk 0:01:12]} Qc1+ {[%clk 0:30:39]} 0-1

[Event "13th Khazar International Open Chess Tournament - "]
[Site "Rasht, Iran"]
[Date "2015.02.14"]
[Round "6"]
[Board "7"]
[White "Mirzoev, Azer"]
[Black "Gholami, Aryan"]
[Result "1-0"]
[WhiteElo "2556"]
[BlackElo "2325"]
[PlyCount "0"]
[EventDate "2015.02.11"]
[EventRounds "9"]
[EventCountry "IRI"]

1. d4 {[%clk 1:27:00]} Nf6 {[%clk 1:30:51]} 2. Nf3 {[%clk 1:27:26]} e6
{[%clk 1:30:55]} 3. c4 {[%clk 1:27:53]} b6 {[%clk 1:30:04]} 4. Nc3
{[%clk 1:27:50]} Bb4 {[%clk 1:30:12]} 5. Qb3 {[%clk 1:27:55]} Bxc3+
{[%clk 1:24:35]} 6. Qxc3 {[%clk 1:27:43]} Bb7 {[%clk 1:24:57]} 7. g3
{[%clk 1:27:13]} O-O {[%clk 1:24:16]} 8. Bg2 {[%clk 1:27:37]} d6 {[%clk 1:24:36]}
9. O-O {[%clk 1:27:59]} Nbd7 {[%clk 1:24:55]} 10. b3 {[%clk 1:28:00]} Qe7
{[%clk 1:18:24]} 11. Bb2 {[%clk 1:28:21]} c5 {[%clk 1:17:07]} 12. Rfd1
{[%clk 1:27:45]} Rac8 {[%clk 1:16:45]} 13. Rac1 {[%clk 1:26:00]} Rfd8
{[%clk 1:15:27]} 14. Qe3 {[%clk 1:24:24]} cxd4 {[%clk 1:00:37]} 15. Bxd4
{[%clk 1:22:54]} Nc5 {[%clk 1:00:25]} 16. Bh3 {[%clk 1:22:08]} Ba8
{[%clk 0:48:28]} 17. Nh4 {[%clk 1:16:41]} Rc7 {[%clk 0:43:41]} 18. Bb2
{[%clk 1:13:54]} Rcd7 {[%clk 0:34:11]} 19. Nf3 {[%clk 1:12:55]} Nce4
{[%clk 0:33:03]} 20. Ba3 {[%clk 1:12:28]} Qe8 {[%clk 0:32:07]} 21. Bb2
{[%clk 1:10:16]} Qe7 {[%clk 0:32:07]} 22. Ne1 {[%clk 1:02:42]} d5
{[%clk 0:31:04]} 23. cxd5 {[%clk 1:02:41]} Bxd5 {[%clk 0:31:08]} 24. Nf3
{[%clk 1:01:58]} Bb7 {[%clk 0:29:47]} 25. Rxd7 {[%clk 1:01:08]} Qxd7
{[%clk 0:30:10]} 26. Ne5 {[%clk 0:54:47]} Qd5 {[%clk 0:28:22]} 27. f3
{[%clk 0:54:00]} Nc5 {[%clk 0:26:04]} 28. Bf1 {[%clk 0:53:06]} h6
{[%clk 0:23:28]} 29. Nc4 {[%clk 0:51:57]} Ncd7 {[%clk 0:19:09]} 30. Qd4
{[%clk 0:51:02]} Nc5 {[%clk 0:16:12]} 31. Qxd5 {[%clk 0:51:22]} exd5
{[%clk 0:16:19]} 32. Ne3 {[%clk 0:45:04]} Ne6 {[%clk 0:13:07]} 33. Bxf6
{[%clk 0:42:33]} gxf6 {[%clk 0:13:35]} 34. Nf5 {[%clk 0:42:58]} h5
{[%clk 0:10:14]} 35. e3 {[%clk 0:37:12]} Kf8 {[%clk 0:09:12]} 36. Kf2
{[%clk 0:37:33]} Bc8 {[%clk 0:08:57]} 37. h4 {[%clk 0:36:25]} Nc5
{[%clk 0:08:37]} 38. Nd4 {[%clk 0:36:35]} Bd7 {[%clk 0:08:24]} 39. b4
{[%clk 0:35:46]} Ne6 {[%clk 0:08:24]} 40. Ba6 {[%clk 0:36:00]} Nxd4
{[%clk 0:07:18]} 41. exd4 {[%clk 0:36:26]} Be6 {[%clk 0:07:40]} 42. a3
{[%clk 0:30:43]} Kg7 {[%clk 0:07:42]} 43. Ke3 {[%clk 0:29:02]} f5
{[%clk 0:05:00]} 44. Kf4 {[%clk 0:29:17]} Kf6 {[%clk 0:05:19]} 45. Rc7
{[%clk 0:26:20]} Rd7 {[%clk 0:05:27]} 46. Rxd7 {[%clk 0:22:58]} Bxd7
{[%clk 0:05:55]} 47. Bb7 {[%clk 0:21:01]} Be6 {[%clk 0:05:53]} 48. Bc6
{[%clk 0:21:22]} a6 {[%clk 0:04:39]} 49. Bb7 {[%clk 0:21:28]} a5 {[%clk 0:05:08]}
50. Bc6 {[%clk 0:21:18]} axb4 {[%clk 0:04:34]} 51. axb4 {[%clk 0:21:44]} Bc8
{[%clk 0:04:10]} 52. Bxd5 {[%clk 0:22:05]} Bd7 {[%clk 0:04:36]} 53. Bb3
{[%clk 0:22:18]} Bc8 {[%clk 0:04:27]} 54. d5 {[%clk 0:22:04]} Bd7
{[%clk 0:04:53]} 55. Bc2 {[%clk 0:22:08]} Bc8 {[%clk 0:04:26]} 56. Ba4
{[%clk 0:21:58]} Bb7 {[%clk 0:03:34]} 57. d6 {[%clk 0:21:53]} Bd5
{[%clk 0:03:47]} 58. Bd7 {[%clk 0:21:01]} 1-0

[Event "13th Khazar International Open Chess Tournament - "]
[Site "Rasht, Iran"]
[Date "2015.02.14"]
[Round "6"]
[Board "8"]
[White "Ziatdinov, Raset"]
[Black "Iskandarov, Misratdin"]
[Result "1-0"]
[WhiteElo "2345"]
[BlackElo "2396"]
[PlyCount "0"]
[EventDate "2015.02.11"]
[EventRounds "9"]
[EventCountry "IRI"]

1. e4 c5 {[%clk 1:30:28]} 2. Nf3 {[%clk 1:19:24]} e6 {[%clk 1:30:28]} 3. d4
{[%clk 1:19:24]} cxd4 {[%clk 1:30:28]} 4. Nxd4 {[%clk 1:19:24]} Nc6
{[%clk 1:30:28]} 5. Nb5 {[%clk 1:19:24]} Nf6 {[%clk 1:30:28]} 6. Bf4
{[%clk 1:19:24]} e5 {[%clk 1:30:28]} 7. Bg5 {[%clk 1:19:24]} Bc5 {[%clk 1:30:28]}
8. N1c3 {[%clk 1:19:24]} O-O {[%clk 1:30:28]} 9. Bc4 {[%clk 1:19:24]} a6
{[%clk 1:30:28]} 10. Nd6 {[%clk 1:19:24]} b5 {[%clk 1:30:28]} 11. Nxf7
{[%clk 1:19:24]} Qa5 {[%clk 1:30:28]} 12. Bb3 {[%clk 1:19:24]} Nd4
{[%clk 1:30:28]} 13. Bxf6 {[%clk 1:19:24]} Nxb3 {[%clk 1:30:28]} 14. axb3
{[%clk 1:19:24]} Qb6 {[%clk 1:30:28]} 15. Nd5 {[%clk 1:19:24]} Qa7
{[%clk 1:30:28]} 16. Nh6+ {[%clk 1:19:24]} Kh8 {[%clk 1:30:28]} 17. Bxg7+
{[%clk 1:19:24]} Kxg7 {[%clk 1:30:28]} 18. Nf5+ {[%clk 1:19:24]} Rxf5
{[%clk 1:30:28]} 19. Qg4+ {[%clk 1:19:24]} 1-0